Statystyki dla Stolice podanych państw #3

Kliknij tutaj aby rozwiązać quiz!

Ogólne statystyki

  • Ten quiz został rozwiązany 567 razy
  • Średni wynik to 10 z 20

Statystyki odpowiedzi

KontynentNazwa państwaOdpowiedź% Poprawnych
EuropaNiemcyBerlin
94%
EuropaNorwegiaOslo
93%
AzjaChinyPekin
92%
EuropaSan MarinoSan Marino
90%
Ameryka PołudniowaArgentynaBuenos Aires
86%
Europa/AzjaTurcjaAnkara
85%
AzjaKorea PołudniowaSeul
76%
Ameryka PołudniowaKolumbiaBogota
65%
AzjaKorea PółnocnaPjongjang
60%
Ameryka PółnocnaJamajkaKingston
46%
AzjaAfganistanKabul
42%
AzjaKatarDoha
30%
AzjaBangladeszDhaka
29%
AfrykaDemokratyczna Republika KongaKinszasa
28%
AzjaTimor WschodniDili
16%
AfrykaMozambikMaputo
15%
AfrykaBeninPorto-Novo
13%
AfrykaRepublika ŚrodkowoafrykańskaBangi
12%
AfrykaRepublika Zielonego PrzylądkaPraia
10%
OceaniaKiribatiBairiki
6%

Rozkład punktacji

Percentyl według liczby udzielonych odpowiedzi

Procent ludzi z każdym wynikiem

Twoja historia wyników

Nie rozwiązałeś tego quizu